<?xml version="1.0" encoding="UTF-8"?>
<collection xmlns="http://www.loc.gov/MARC21/slim">
 <record>
  <leader>00627nam a22001815a 4500</leader>
  <controlfield tag="001">EUN.eunm009524</controlfield>
  <controlfield tag="008">250306s2024####ag#######b####000#0#spa#d</controlfield>
  <controlfield tag="005">20250715083914.0</controlfield>
  <datafield tag="245" ind1="1" ind2="3">
   <subfield code="a">La gratitud y la lógica del obsequio :</subfield>
   <subfield code="b">(acerca de lo dado como donación) /</subfield>
   <subfield code="c">Jorge Mingarro.</subfield>
  </datafield>
  <datafield tag="260" ind1=" " ind2=" ">
   <subfield code="a">Buenos Aires :</subfield>
   <subfield code="b">Dunken,</subfield>
   <subfield code="c">2024.</subfield>
  </datafield>
  <datafield tag="300" ind1=" " ind2=" ">
   <subfield code="a">328 p. ;</subfield>
   <subfield code="c">23 cm.</subfield>
  </datafield>
  <datafield tag="504" ind1=" " ind2=" ">
   <subfield code="a">Incluye notas a pie de página.</subfield>
  </datafield>
  <datafield tag="020" ind1=" " ind2=" ">
   <subfield code="a">9789878533230</subfield>
  </datafield>
  <datafield tag="100" ind1="1" ind2=" ">
   <subfield code="a">Mingarro, Jorge,</subfield>
   <subfield code="d">1949-,</subfield>
   <subfield code="e">autor.</subfield>
   <subfield code="4">aut</subfield>
  </datafield>
  <datafield tag="082" ind1="0" ind2="4">
   <subfield code="a">179</subfield>
   <subfield code="2">21</subfield>
  </datafield>
  <datafield tag="650" ind1=" " ind2="7">
   <subfield code="a">Filosofía.</subfield>
   <subfield code="2">unbist</subfield>
  </datafield>
  <datafield tag="650" ind1=" " ind2="7">
   <subfield code="a">Ontología.</subfield>
   <subfield code="2">unbist</subfield>
  </datafield>
  <datafield tag="859" ind1=" " ind2=" ">
   <subfield code="a">AR-BaUNS</subfield>
   <subfield code="b">BIB. CENTRAL - Sector A</subfield>
   <subfield code="h">179</subfield>
   <subfield code="i">M663</subfield>
   <subfield code="p">129008/025</subfield>
  </datafield>
 </record>
</collection>
